00490 2200181 4500001002100000005001500021035002000036245005900056100001600115250001700131300003200148260003400180082001000214084001600224020002200240650001700262500002900279INLIS00000000000068420240907081455 a0010-09240000031 aMembuat Pesawat Sendiri dan Prakarya SD /cNur Rokhman0 aNur Rokhman aCetakan Ke-1 aiv, 44 hlm :bIlus ;c21 cm aBekasi :bGaneca Exact,c2007 a745.5 a745.5 NUR m a978-979-571-451-4 4aKeterampilan aSeri Melatih Kemandirian